000 00342nam a2200145Ia 4500
100 _aKelkar
650 _aProject Management
942 _cBK
245 _aInformation technology Project Management
260 _bPrentice -Hall of India
_aNew Delhi
_c2003
082 _a003.54/KEL
_bKEL
300 _a581
546 _aENGLISH
999 _c27956
_d27956